LIBRARY & INFORMATION CENTRE, KCAET, TAVANUR

ONLINE PUBLIC ACCESS CATALOGUE (OPAC)

Heat / (Record no. 7237)

MARC details
000 -LEADER
fixed length control field 00492cam a2200205ua 4500
041 ## - LANGUAGE CODE
Language code of text/sound track or separate title eng
082 ## - DEWEY DECIMAL CLASSIFICATION NUMBER
Classification number 536
Item number ANA/TE
100 ## - MAIN ENTRY--AUTHOR NAME
Personal name Ananda krishnan, .
245 ## - TITLE STATEMENT
Title Heat /
260 ## - PUBLICATION, DISTRIBUTION, ETC. (IMPRINT)
Place of publication Chennai :
Name of publisher S.Viswanathan ,
Year of publication 1970.
300 ## - PHYSICAL DESCRIPTION
Number of Pages 334 ; .
700 1# - ADDED ENTRY--PERSONAL NAME
Personal name Govindarajan, S R .
700 1# - ADDED ENTRY--PERSONAL NAME
Personal name John , P K .
700 1# - ADDED ENTRY--PERSONAL NAME
Personal name Rajagopalan, S .
942 ## - ADDED ENTRY ELEMENTS (KOHA)
Koha item type Books
Holdings
Withdrawn status Lost status Damaged status Home library Current library Date acquired Full call number Accession Number Koha item type
Withdrawn   Damaged KAUAET KAUAET 07/04/2012 536 13224 Books
free website counter